Pepe Espaliú : visibilidad, experiencias y construcciones en torno al VIH /

Kaydedildi:
Detaylı Bibliyografya
Yazar: Barea, Carlos, 1987- (edición)
Materyal Türü: Kitap
Dil:İspanyolca
Baskı/Yayın Bilgisi: Madrid, España : Flores Raras, 2023, c2023
Konular:
Etiketler: Etiketle
Etiket eklenmemiş, İlk siz ekleyin!

MARC

LEADER 00000nam^a2200000^a^4500
001 000579354
005 20250521000000.0
009 20260310132528.18
020 |a 978-84-120459-9-4 
037 |a Acervo ITESO - Biblioteca 
041 |a ESP 
082 |a 709. 46083  |b ESP BAR 
100 |a Barea, Carlos,  |d 1987-  |e (edición) 
245 1 0 |a Pepe Espaliú :  |b visibilidad, experiencias y construcciones en torno al VIH /  |c Ed. de C. Barea ; pról. de Carolina Darias. 
264 4 |a Madrid, España :  |b Flores Raras,  |c 2023, c2023 
300 |a 202 p. 
336 |a texto  |b txt  |2 rdacontenido 
337 |a sin mediación  |b n  |2 rdamedio 
338 |a volumen  |b nc  |2 rdasoporte 
521 |a FIL 2023 DIA 
649 |a XX 
650 |a Artistas Españoles 
650 |a Activistas Sociales Españoles 
650 |a Homosexuales Españoles 
650 |a SIDA en el Arte -  |z España -  |x Historia y Crítica -  |x Tema Principal 
650 |a Performances y Happenings -  |z España -  |x Historia y Crítica 
650 |a Arte Gay y Lésbico -  |z España -  |x Historia y Crítica 
650 |a Movimientos de Homosexuales -  |z España -  |x Historia -  |y 1982-1996 
650 |a Movimientos de Homosexuales -  |z España -  |x Historia -  |y Juan Carlos I, 1975-2014 
650 |a Movimientos de Homosexuales -  |z España -  |x Historia -  |y Siglo XX 
650 |a Política y Salud Pública -  |x Historia -  |y Siglo XX 
650 |a Arte y Política -  |z España -  |x Historia y Crítica 
650 |a Arte (Tendencias Recientes) -  |z España -  |x Historia y Crítica 
650 |a Arte Español -  |y Siglo XX 
650 |a Espaliú, Pepe -  |x Tema Principal 
910 |a Fondo General 
920 |a Impresos - Libros 
930 |a Colección General 
905 |a 101 
901 |a 0500403186  |b IT1  |c ACC  |i C184173  |u 20250521 
902 |a https://opac.biblio.iteso.mx/vufind/Record/000579354